Diéta pre tretí sektor
Problém rómskych komunít a tretí sektor. Peniaze vybraných inštitúcií pre rómov za rok 2001. Koordinácia finančných projektov pri riešení rómskej problematiky.
Gespeichert in:
| 1. Verfasser: | |
|---|---|
| Format: | Buchkapitel |
| Sprache: | Slowakisch |
| Schlagworte: | |
| Tags: |
Keine Tags, Fügen Sie das erste Tag hinzu!
|
MARC
| LEADER | 00000naa a2200000 4500 | ||
|---|---|---|---|
| 001 | r048670 | ||
| 005 | 20230908082658.1 | ||
| 041 | 0 | |a slo | |
| 044 | |a SK | ||
| 245 | 1 | 0 | |a Diéta pre tretí sektor |c Andrej Bán |
| 520 | |a Problém rómskych komunít a tretí sektor. Peniaze vybraných inštitúcií pre rómov za rok 2001. Koordinácia finančných projektov pri riešení rómskej problematiky. | ||
| 610 | 2 | 0 | |a Rómovia |
| 610 | 2 | 0 | |a sektor terciárny |
| 610 | 2 | 0 | |a programy sociálne |
| 610 | 2 | 0 | |a menšiny národnostné |
| 610 | 2 | 0 | |a Slovensko |
| 100 | 1 | |a Bán, Andrej | |